|
|
|
|
| LEADER |
00766aam a22002658a 4500 |
| 001 |
00037635 |
| 005 |
20171026081025.0 |
| 008 |
170513s ||||||Viesd |
| 041 |
0 |
# |
|a Vie
|
| 082 |
1 |
4 |
|a 005
|b S550D
|
| 245 |
1 |
0 |
|a Sử dụng hot Potatoes 6 để biên soạn bài tập điện tử
|
| 260 |
# |
# |
|a Đồng Tháp
|b Đại học Đồng Tháp
|
| 300 |
# |
# |
|a 20tr.
|c 27cm.
|
| 653 |
# |
# |
|a Potatoes
|
| 653 |
# |
# |
|a bài tập điện tử
|
| 852 |
# |
# |
|b Kho mượn
|j KM.0022179
|
| 852 |
# |
# |
|b Kho đọc
|j KD.0021101
|
| 852 |
# |
# |
|j KD.0021101
|j KM.0022179
|
| 910 |
|
|
|d 13/05/2017
|
| 980 |
# |
# |
|a Trung tâm Học liệu Lê Vũ Hùng, Trường Đại học Đồng Tháp
|